Domácnosti a ich bohatstvo v Slovenskej republike
Tvorba hrubého fixného kapitálu v sektore domácností, keďže domácnosť predstavuje základnú jednotku spoločnosti, a jej investičné aktivity výrazne ovplyvňujú smerovanie vývoja ekonomiky.
Enregistré dans:
| Auteur principal: | |
|---|---|
| Format: | Chapitre de livre |
| Langue: | slovaque |
| Sujets: | |
| Tags: |
Pas de tags, Soyez le premier à ajouter un tag!
|
MARC
| LEADER | 00000nla a2200000 4500 | ||
|---|---|---|---|
| 001 | 0198643 | ||
| 005 | 20240502073346.1 | ||
| 041 | 0 | |a slo | |
| 044 | |a SK | ||
| 245 | 1 | 0 | |a Domácnosti a ich bohatstvo v Slovenskej republike |c Jarmila Vidová |
| 520 | |a Tvorba hrubého fixného kapitálu v sektore domácností, keďže domácnosť predstavuje základnú jednotku spoločnosti, a jej investičné aktivity výrazne ovplyvňujú smerovanie vývoja ekonomiky. | ||
| 610 | 2 | 0 | |a Slovensko |
| 610 | 2 | 0 | |a domácnosti |
| 610 | 2 | 0 | |a kapitál fixný |
| 610 | 2 | 0 | |a tvorba kapitálu |
| 610 | 2 | 0 | |a príjmy domácností |
| 610 | 2 | 0 | |a rast hospodársky |
| 100 | 1 | |a Vidová, Jarmila, 1967- | |